000 00689cam a22002413a 4500
001 17140
003 PGUSA
005 20140828083350.0
008 051120s2005||||xxu|||||s|||||000 p eng d
040 _aPGUSA
_beng
042 _adc
050 4 _aPQ
100 1 _aGuillaume, de Lorris, active 1230
245 1 0 _aLe roman de la rose :
_bTome II
_h[electronic resource] /
_cde Lorris, active 1230 Guillaume
260 _bProject Gutenberg,
_c2005
506 _aPublic domain in the USA.
516 _aElectronic text
653 _aRomances
653 _aCourtly love -- Poetry
830 0 _aProject Gutenberg
_v17140
856 4 0 _uhttp://www.gutenberg.org/ebooks/17140
942 _cEB
999 _c246395
_d246395